Todo un placer : antología de relatos eróticos femeninos /

Uloženo v:
Podrobná bibliografie
Hlavní autor: Medel, Elena (selec.)
Médium: Kniha
Jazyk:španělština
Vydáno: Córdoba, España : Berenice, 2005, c2005
Témata:
Tagy: Přidat tag
Žádné tagy, Buďte první, kdo vytvoří štítek k tomuto záznamu!

MARC

LEADER 00000nam^a2200000^a^4500
001 000194353
005 20250521000000.0
009 20260310102714.986
020 |a 84-934466-1-0 
037 |a Acervo ITESO - Biblioteca 
041 |a ESP 
082 |a 863.  |b MED 
100 |a Medel, Elena  |e (selec.) 
245 1 0 |a Todo un placer :  |b antología de relatos eróticos femeninos /  |c Selec. E. Medel. 
264 4 |a Córdoba, España :  |b Berenice,  |c 2005, c2005 
300 |a 187 p. 
336 |a texto  |b txt  |2 rdacontenido 
337 |a sin mediación  |b n  |2 rdamedio 
338 |a volumen  |b nc  |2 rdasoporte 
649 |a XX 
650 |a Cuentos Españoles 
650 |a Literatura Española -  |y Siglo XXI 
650 |a Literatura Erótica -  |z España 
650 |a Literatura de Mujeres -  |z España 
910 |a Fondo General 
920 |a Impresos - Libros 
930 |a Colección General 
940 |a Literatura 
905 |a 101 
901 |a 0500139119  |b IT1  |c LIT  |u 20250521 
902 |a https://opac.biblio.iteso.mx/vufind/Record/000194353